Les australiens en Formule 1 - Statistiques

Statistiques générales
  • Ce quiz a été pris 149 fois
    19 depuis la dernière actualisation
  • Le résultat moyen est 7 sur 15
Statistiques - réponses
Nb de Grands Prix Pilote Constructeurs Années de compétition % Correct
257 Daniel Ricciardo HRT, Toro Rosso, Red Bull, Renault, McLaren, AlphaTauri, RB 2011-2024
100%
70 Oscar Piastri McLaren 2023-
100%
215 Mark Webber Minardi, Jaguar, Williams, Red Bull 2002-2013
93%
7 Jack Doohan Alpine 2024-2025
80%
24 David Brabham Brabham, Simtek 1990, 1994
73%
123 Jack Brabham Cooper, Maserati, Lotus, Brabham 1955-1980
73%
116 Alan Jones Hesketh, Hill, Surtees, Shadow, Williams, Arrows, Lola 1975-1981, 1983, 1985-1986
60%
11 Dave Walker Lotus 1971-1972
20%
8 Frank Gardner Brabham 1964-1965
20%
11 Larry Perkins Boro, Brabham, BRM, Surtees 1976-1977
20%
3 Paul Hawkins Brabham, Lotus 1965
20%
34 Tim Schenken De Tomaso, Brabham, Surtees, Iso-Marlboro, Trojan, Lotus 1970-1974
20%
3 Tony Gaze HWM 1952
20%
9 Vern Schuppan Ensign, Hill, Surtees 1974-1975, 1977
20%
1 Warwick Brown Williams 1976
20%
Aucun quiz correspondant
Distribution des résultats
% des personnes avec chaque résultat
Percentile par nombre de réponses
Votre historique - résultats
Vous n’avez pas pris ce quiz depuis la dernière actualisation